[Event "Kouty nad Desnou op-A"]
[Site "Kouty nad Desnou"]
[Date "2011.03.19"]
[Round "9"]
[White "Skalicky, Tomas"]
[Black "Rerabkova, Lucie"]
[Result "1/2-1/2"]
[WhiteElo "1848"]
[BlackElo "1868"]
[PlyCount "29"]
[EventDate "2011.03.12"]
[EventType "swiss"]
[EventRounds "9"]
[EventCountry "CZE"]
[SourceTitle "EXT 2014"]
[Source "ChessBase"]
[SourceDate "2013.11.20"]
[SourceVersion "1"]
[SourceVersionDate "2013.11.20"]
[SourceQuality "1"]

1. e4 c5 2. Nf3 d6 3. d4 cxd4 4. Nxd4 g6 5. Nc3 Bg7 6. Be3 Nf6 7. f3 0-0 8. Qd2 Nc6 9. Bc4 Na5 10. Be2 d5 11. Nxd5 Nxd5 12. exd5 Qxd5 13. Nb5 Qxd2+ 14. Bxd2 Nc6 15. Bc3 1/2-1/2

[Event "Kouty nad Desnou op-A"]
[Site "Kouty nad Desnou"]
[Date "2011.03.16"]
[Round "6"]
[White "Rerabkova, Lucie"]
[Black "Bocek, Tadeas"]
[Result "1-0"]
[WhiteElo "1868"]
[BlackElo "1755"]
[PlyCount "101"]
[EventDate "2011.03.12"]
[EventType "swiss"]
[EventRounds "9"]
[EventCountry "CZE"]
[SourceTitle "EXT 2014"]
[Source "ChessBase"]
[SourceDate "2013.11.20"]
[SourceVersion "1"]
[SourceVersionDate "2013.11.20"]
[SourceQuality "1"]

1. e4 c5 2. Nf3 Nc6 3. d4 cxd4 4. Nxd4 g6 5. c4 Nf6 6. Nc3 d6 7. Be2 Nxd4 8. Qxd4 Bg7 9. Qd1 0-0 10. Be3 Qa5 11. Qd2 Be6 12. Rc1 Rfc8 13. b3 a6 14. f3 b5 15. Nd5 Qxd2+ 16. Kxd2 Nxd5 17. cxd5 Bd7 18. Rxc8+ Rxc8 19. Rc1 Rxc1 20. Kxc1 e6 21. dxe6 fxe6 22. Bf4 d5 23. exd5 exd5 24. Bd3 Kf7 25. Kc2 Ke6 26. Bc1 a5 27. a3 Bf8 28. Bb2 b4 29. a4 Bd6 30. Bd4 Bc7 31. Kd2 Be8 32. g3 h5 33. Ke3 h4 34. f4 hxg3 35. hxg3 Kf7 36. g4 Bd7 37. f5 g5 38. Bb5 Ke7 39. Bxd7 Kxd7 40. Bf6 Bf4+ 41. Kd4 Kd6 42. Bd8 Bd2 43. Bxa5 Bc3+ 44. Kd3 Kd7 45. Bb6 Bf6 46. Bc5 Kc6 47. Bxb4 Be5 48. Be7 Bf4 49. Kd4 Kd7 50. Bf8 Kc6 51. b4 1-0

[Event "Kouty nad Desnou op-A"]
[Site "Kouty nad Desnou"]
[Date "2011.03.15"]
[Round "5"]
[White "Pycha, Patrik"]
[Black "Rerabkova, Lucie"]
[Result "1-0"]
[WhiteElo "1619"]
[BlackElo "1868"]
[PlyCount "61"]
[EventDate "2011.03.12"]
[EventType "swiss"]
[EventRounds "9"]
[EventCountry "CZE"]
[SourceTitle "EXT 2014"]
[Source "ChessBase"]
[SourceDate "2013.11.20"]
[SourceVersion "1"]
[SourceVersionDate "2013.11.20"]
[SourceQuality "1"]

1. e4 c5 2. Nc3 d6 3. g3 g6 4. Bg2 Bg7 5. f4 Nc6 6. Nf3 Bg4 7. 0-0 Nd4 8. d3 Nxf3+ 9. Bxf3 Bxf3 10. Qxf3 e6 11. f5 Qd7 12. fxe6 fxe6 13. e5 d5 14. Nb5 0-0-0 15. Nd6+ Kc7 16. Qe3 Rf8 17. Qxc5+ Kb8 18. Be3 b6 19. Rxf8+ Bxf8 20. Qb4 Ne7 21. a4 Nf5 22. Bf4 h6 23. a5 Bxd6 24. exd6 b5 25. a6 Ka8 26. Ra3 Rc8 27. Rc3 Rxc3 28. Qxc3 d4 29. Qc7 Qxc7 30. dxc7 Ne7 31. Kf2 1-0

[Event "Kouty nad Desnou op-A"]
[Site "Kouty nad Desnou"]
[Date "2010.03.12"]
[Round "8"]
[White "Janacek, Jaroslav"]
[Black "Rerabkova, Lucie"]
[Result "1-0"]
[WhiteElo "2091"]
[BlackElo "1891"]
[PlyCount "53"]
[EventDate "2010.03.06"]
[EventType "swiss"]
[EventRounds "9"]
[EventCountry "CZE"]
[SourceTitle "CBM 135 Extra"]
[Source "ChessBase"]
[SourceDate "2010.05.04"]
[SourceVersion "1"]
[SourceVersionDate "2010.05.04"]
[SourceQuality "1"]

1. e4 c5 2. c3 d5 3. exd5 Qxd5 4. d4 Nf6 5. Nf3 Bg4 6. Be2 Nc6 7. dxc5 Qxc5 8. Be3 Qd5 9. Na3 a6 10. h3 Bf5 11. Nc4 b5 12. Nb6 Qxd1+ 13. Rxd1 Rb8 14. a4 Bc2 15. axb5 axb5 16. Bxb5 Bxd1 17. Bxc6+ Kd8 18. Kxd1 Kc7 19. Ne5 Rxb6 20. Bxb6+ Kxb6 21. Nxf7 Rg8 22. Bf3 g6 23. Re1 Kc5 24. Kc2 Nd7 25. b4+ Kb5 26. Kb3 g5 27. Re6 1-0

[Event "Kouty nad Desnou op-A"]
[Site "Kouty nad Desnou"]
[Date "2010.03.08"]
[Round "4"]
[White "Vrana, Frantisek"]
[Black "Rerabkova, Lucie"]
[Result "1-0"]
[WhiteElo "2285"]
[BlackElo "1891"]
[PlyCount "63"]
[EventDate "2010.03.06"]
[EventType "swiss"]
[EventRounds "9"]
[EventCountry "CZE"]
[SourceTitle "CBM 135 Extra"]
[Source "ChessBase"]
[SourceDate "2010.05.04"]
[SourceVersion "1"]
[SourceVersionDate "2010.05.04"]
[SourceQuality "1"]

1. e4 c5 2. Nf3 Nc6 3. d4 cxd4 4. Nxd4 Nf6 5. Nc3 d6 6. Be2 g6 7. Nb3 Bg7 8. 0-0 0-0 9. Be3 Be6 10. f4 Bxb3 11. axb3 a6 12. Bf3 Nd7 13. Qd2 Rc8 14. Rad1 Qa5 15. e5 Rfe8 16. Qf2 Nb4 17. Bxb7 Rc7 18. Ra1 Qxa1 19. Rxa1 Rxb7 20. Ne4 dxe5 21. fxe5 Nxe5 22. Rf1 f5 23. Nc5 Ng4 24. Qf3 Rc7 25. c3 Nc2 26. Ne6 Rd7 27. Nxg7 Kxg7 28. Bc1 Na1 29. Qc6 Red8 30. h3 Ne5 31. Qa4 Nc2 32. b4 1-0

[Event "Kouty nad Desnou op-A"]
[Site "Kouty nad Desnou"]
[Date "2010.03.06"]
[Round "1"]
[White "Rerabkova, Lucie"]
[Black "Belousek, Michal"]
[Result "0-1"]
[WhiteElo "1891"]
[BlackElo "2096"]
[PlyCount "44"]
[EventDate "2010.03.06"]
[EventType "swiss"]
[EventRounds "9"]
[EventCountry "CZE"]
[SourceTitle "CBM 135 Extra"]
[Source "ChessBase"]
[SourceDate "2010.05.04"]
[SourceVersion "1"]
[SourceVersionDate "2010.05.04"]
[SourceQuality "1"]

1. e4 c5 2. Nf3 e6 3. d4 cxd4 4. Nxd4 a6 5. c4 Nf6 6. Nc3 Bb4 7. Bg5 Qa5 8. Bd2 Qb6 9. Nb3 Nc6 10. Qf3 0-0 11. Be2 d5 12. cxd5 exd5 13. Nxd5 Nxd5 14. exd5 Nd4 15. Nxd4 Bxd2+ 16. Kxd2 Qxd4+ 17. Bd3 Qxb2+ 18. Bc2 Qd4+ 19. Bd3 Bg4 20. Qe3 Qb4+ 21. Kc1 Rac8+ 22. Bc2 Bf5 0-1

[Event "CZE-ch Juniors op-A"]
[Site "Kouty nad Desnou"]
[Date "2009.03.12"]
[Round "7"]
[White "Prazak, Pavel"]
[Black "Rerabkova, Lucie"]
[Result "0-1"]
[WhiteElo "1910"]
[BlackElo "1897"]
[PlyCount "64"]
[EventDate "2009.03.07"]
[EventType "swiss"]
[EventRounds "9"]
[EventCountry "CZE"]
[SourceTitle "EXT 2011"]
[Source "ChessBase"]
[SourceDate "2010.11.26"]
[SourceVersion "1"]
[SourceVersionDate "2010.11.26"]
[SourceQuality "1"]

1. e4 c5 2. Nf3 Nc6 3. d4 cxd4 4. Nxd4 Nf6 5. Nc3 d6 6. Be3 g6 7. Bc4 Na5 8. Be2 Bg7 9. 0-0 0-0 10. Qd2 Bh8 11. f3 Nd7 12. Rae1 Ne5 13. Qc1 b6 14. b3 Bb7 15. Nd5 Rc8 16. c4 Nac6 17. Qd2 e6 18. Nc3 Qe7 19. f4 Nd7 20. Rd1 Nc5 21. Bf3 Rfd8 22. f5 Ne5 23. fxg6 hxg6 24. Bg5 Nxf3+ 25. gxf3 Bxd4+ 26. Be3 Qg5+ 27. Kf2 Bxe3+ 28. Qxe3 Qxe3+ 29. Kxe3 a6 30. Ne2 d5 31. h4 dxe4 32. fxe4 Nxe4 0-1

[Event "CZE-ch Juniors op-A"]
[Site "Kouty nad Desnou"]
[Date "2009.03.11"]
[Round "6"]
[White "Rerabkova, Lucie"]
[Black "Vaculka, Pavel"]
[Result "1-0"]
[WhiteElo "1897"]
[BlackElo "1797"]
[PlyCount "89"]
[EventDate "2009.03.07"]
[EventType "swiss"]
[EventRounds "9"]
[EventCountry "CZE"]
[SourceTitle "EXT 2011"]
[Source "ChessBase"]
[SourceDate "2010.11.26"]
[SourceVersion "1"]
[SourceVersionDate "2010.11.26"]
[SourceQuality "1"]

1. e4 e5 2. Nf3 Nc6 3. d4 exd4 4. Nxd4 Bc5 5. Be3 Qf6 6. c3 Nge7 7. g3 0-0 8. Bg2 d6 9. Nxc6 Nxc6 10. Bxc5 dxc5 11. Nd2 Rd8 12. Qe2 Ne5 13. 0-0 Qh6 14. Rfd1 Bg4 15. f3 Be6 16. Nb3 Bc4 17. Qf2 b6 18. Bf1 Bxf1 19. Kxf1 c4 20. Nd4 Nd3 21. Qd2 Qh3+ 22. Kg1 g6 23. b3 Ne5 24. Qf4 Nd3 25. Qg5 h6 26. Qb5 c5 27. Ne2 Ne5 28. Nf4 Rd2 29. Rxd2 Nxf3+ 30. Kh1 Qg4 31. Rf2 Ne5 32. Raf1 g5 33. Ng2 Rd8 34. bxc4 Qxe4 35. Qb1 Qc6 36. Qf5 Re8 37. Qf6 Re6 38. Qd8+ Kg7 39. Kg1 Qe4 40. Qc7 Qg6 41. Qxa7 h5 42. Ne3 g4 43. Nf5+ Kh7 44. Nh4 Qg5 45. Rxf7+ 1-0

[Event "Ricany op-A"]
[Site "Ricany"]
[Date "2007.08.30"]
[Round "7"]
[White "Rerabkova, Lucie"]
[Black "Horyna, Josef"]
[Result "1/2-1/2"]
[WhiteElo "1946"]
[BlackElo "1893"]
[PlyCount "77"]
[EventDate "2007.08.25"]
[EventType "swiss"]
[EventRounds "9"]
[EventCountry "CZE"]
[SourceTitle "EXT 2008"]
[Source "ChessBase"]
[SourceDate "2007.11.25"]
[SourceVersion "1"]
[SourceVersionDate "2007.11.25"]
[SourceQuality "1"]

1. e4 d6 2. d4 e5 3. dxe5 dxe5 4. Qxd8+ Kxd8 5. Bc4 f6 6. Be3 c6 7. a3 Nd7 8. b4 b5 9. Be6 Nb6 10. Ba2 Bd6 11. Nd2 Ne7 12. Ne2 Kc7 13. c4 bxc4 14. Nxc4 Nxc4 15. Bxc4 Bb7 16. f3 a6 17. 0-0 g5 18. Bc5 Rad8 19. Rad1 Bxc5+ 20. bxc5 Rxd1 21. Rxd1 Rd8 22. Rxd8 Kxd8 23. Nc1 Ng6 24. Na2 Kc7 25. Nb4 a5 26. Nd3 Bc8 27. Nc1 Nf8 28. a4 Be6 29. Bxe6 Nxe6 30. Nb3 h5 31. g3 Kd7 32. Kf2 Kc7 33. Ke3 Kd7 34. Kd3 Kc7 35. Kc4 g4 36. fxg4 hxg4 37. Nd2 Nd4 38. Kd3 Kd7 39. Ke3 1/2-1/2

[Event "Ricany op-A"]
[Site "Ricany"]
[Date "2007.08.26"]
[Round "2"]
[White "Rerabkova, Lucie"]
[Black "Novak, Jindrich"]
[Result "0-1"]
[WhiteElo "1946"]
[BlackElo "2024"]
[PlyCount "68"]
[EventDate "2007.08.25"]
[EventType "swiss"]
[EventRounds "9"]
[EventCountry "CZE"]
[SourceTitle "EXT 2008"]
[Source "ChessBase"]
[SourceDate "2007.11.25"]
[SourceVersion "1"]
[SourceVersionDate "2007.11.25"]
[SourceQuality "1"]

1. e4 Nc6 2. d4 e5 3. d5 Nce7 4. Bg5 d6 5. Bd3 g6 6. h4 h6 7. Bd2 f5 8. exf5 Bxf5 9. Bxf5 gxf5 10. Qh5+ Kd7 11. Nc3 Qe8 12. Qe2 Nf6 13. 0-0-0 Nfxd5 14. Nxd5 Nxd5 15. Qb5+ Ke6 16. Qxb7 Rb8 17. Qa6 Qb5 18. Qa3 Bg7 19. Rh3 e4 20. Rb3 Qc5 21. Qxc5 dxc5 22. Be3 c4 23. Rxb8 Rxb8 24. Bd4 Be5 25. Bxe5 Kxe5 26. g3 f4 27. Ne2 fxg3 28. Nxg3 Rg8 29. c3 e3 30. Re1 Rg4 31. h5 Kf6 32. Rf1 Kg5 33. Kd1 exf2 34. Nh1 Ne3+ 0-1

[Event "Tabor op"]
[Site "Tabor"]
[Date "2007.08.05"]
[Round "9"]
[White "Haman, Jakub"]
[Black "Rerabkova, Lucie"]
[Result "0-1"]
[WhiteElo "1687"]
[BlackElo "1946"]
[PlyCount "90"]
[EventDate "2007.07.29"]
[EventType "swiss"]
[EventRounds "9"]
[EventCountry "CZE"]
[SourceTitle "EXT 2009"]
[Source "ChessBase"]
[SourceDate "2008.11.26"]
[SourceVersion "1"]
[SourceVersionDate "2008.11.26"]
[SourceQuality "1"]

1. e4 c5 2. d4 cxd4 3. c3 d3 4. Bxd3 Nc6 5. Nf3 d5 6. Nbd2 Nf6 7. 0-0 Bg4 8. Qa4 dxe4 9. Bxe4 Nxe4 10. Qxe4 Qd7 11. Nb3 Bxf3 12. Qxf3 e5 13. Be3 b6 14. Rad1 Qc7 15. Rd5 f6 16. Rfd1 Rd8 17. Qh5+ g6 18. Qh4 Rxd5 19. Rxd5 Bg7 20. Bh6 0-0 21. Qc4 Kh8 22. Bxg7+ Kxg7 23. Qd3 Rd8 24. Kf1 Rxd5 25. Qxd5 Ne7 26. Qd3 f5 27. f3 Kf6 28. Kf2 g5 29. g3 h5 30. a3 g4 31. Qd2 f4 32. Qd3 Nf5 33. Qe4 Qd6 34. Qa8 Qc7 35. Qe4 a5 36. a4 Qd6 37. Qb7 Ne3 38. Qa8 Nd1+ 39. Ke2 Nxb2 40. Qh8+ Kg5 41. Qg8+ Kf6 42. Qh8+ Ke7 43. Qh7+ Kd8 44. Qh8+ Kc7 45. Qg7+ Kc6 0-1

[Event "Tabor op"]
[Site "Tabor"]
[Date "2007.08.03"]
[Round "7"]
[White "Meszaros, Ludek"]
[Black "Rerabkova, Lucie"]
[Result "1-0"]
[WhiteElo "2206"]
[BlackElo "1946"]
[PlyCount "137"]
[EventDate "2007.07.29"]
[EventType "swiss"]
[EventRounds "9"]
[EventCountry "CZE"]
[SourceTitle "EXT 2009"]
[Source "ChessBase"]
[SourceDate "2008.11.26"]
[SourceVersion "1"]
[SourceVersionDate "2008.11.26"]
[SourceQuality "1"]

1. d4 Nf6 2. c4 g6 3. Nc3 Bg7 4. e4 d6 5. f3 0-0 6. Bg5 h6 7. Be3 e5 8. d5 a5 9. Bd3 Na6 10. Nge2 Nh5 11. Qd2 Kh7 12. g4 Nf4 13. Nxf4 exf4 14. Bxf4 Nc5 15. Be2 a4 16. h4 Qe7 17. h5 g5 18. Bg3 Re8 19. 0-0 Kh8 20. Rae1 Bd7 21. Kg2 Kg8 22. Bd1 Rab8 23. Nb5 Bxb5 24. cxb5 Qf6 25. Re2 b6 26. Rfe1 Qd4 27. Qxd4 Bxd4 28. Rd2 Bf6 29. Bf2 Ra8 30. Bd4 Kg7 31. Re3 Ra5 32. Be2 Re7 33. Rc3 Ra7 34. Bxf6+ Kxf6 35. Rdc2 Ke5 36. Kg3 Rd7 37. Rc4 Re7 38. R2c3 Ra5 39. Rb4 Ra7 40. Bd1 Re8 41. Bc2 Rea8 42. Kf2 Re8 43. Ke3 Rea8 44. a3 Ra5 45. Bd1 R8a7 46. Rc1 Ra8 47. Bc2 Re8 48. Rf1 Kf6 49. f4 gxf4+ 50. Kxf4 Re5 51. Kg3+ Kg7 52. Kh4 Rg5 53. Rf5 Rxf5 54. exf5 f6 55. Kg3 Ra8 56. Kf3 Kf7 57. Rc4 Ra7 58. Ke3 Ke7 59. Kd4 Kf7 60. Kc3 Ra8 61. Kb4 Re8 62. Bxa4 Re2 63. Bc2 Rd2 64. a4 Rxd5 65. a5 bxa5+ 66. Kxa5 Ke7 67. b4 Nb7+ 68. Ka6 Nd8 69. Rxc7+ 1-0

[Event "Tabor op"]
[Site "Tabor"]
[Date "2007.08.02"]
[Round "6"]
[White "Rerabkova, Lucie"]
[Black "Hanzl, Miroslav"]
[Result "1-0"]
[WhiteElo "1946"]
[BlackElo "1636"]
[PlyCount "29"]
[EventDate "2007.07.29"]
[EventType "swiss"]
[EventRounds "9"]
[EventCountry "CZE"]
[SourceTitle "EXT 2009"]
[Source "ChessBase"]
[SourceDate "2008.11.26"]
[SourceVersion "1"]
[SourceVersionDate "2008.11.26"]
[SourceQuality "1"]

1. e4 c5 2. Nf3 Nc6 3. d4 cxd4 4. Nxd4 Nf6 5. Nc3 a6 6. Be3 e6 7. Nxc6 bxc6 8. e5 Nd5 9. Nxd5 cxd5 10. Bd3 Bb7 11. Qg4 Rc8 12. 0-0 g6 13. Bg5 Be7 14. Bh6 f6 15. Bxg6+ 1-0

[Event "Ricany op-A"]
[Site "Ricany"]
[Date "2006.08.31"]
[Round "8"]
[White "Fojtu, Jan"]
[Black "Rerabkova, Lucie"]
[Result "1-0"]
[WhiteElo "2014"]
[BlackElo "1976"]
[PlyCount "61"]
[EventDate "2006.08.24"]
[EventType "swiss"]
[EventRounds "9"]
[EventCountry "CZE"]
[SourceTitle "EXT 2007"]
[Source "ChessBase"]
[SourceDate "2006.11.23"]
[SourceVersion "1"]
[SourceVersionDate "2006.11.23"]
[SourceQuality "1"]

1. Nf3 Nf6 2. g3 g6 3. Bg2 Bg7 4. 0-0 0-0 5. d3 d6 6. e4 c5 7. Ne1 Nc6 8. h3 Rb8 9. f4 Qc7 10. g4 b5 11. c3 b4 12. Be3 Bb7 13. g5 Nd7 14. h4 e6 15. h5 Rbe8 16. hxg6 hxg6 17. Qg4 bxc3 18. bxc3 d5 19. Rf3 d4 20. Bf2 dxc3 21. Rh3 Nd4 22. Nxc3 Re7 23. Rc1 Qa5 24. e5 Bxg2 25. Qxg2 Nxe5 26. fxe5 Bxe5 27. Qe4 Qc7 28. Nb5 Qb8 29. Rxc5 Nxb5 30. Rxe5 f5 31. gxf6 1-0

[Event "Ricany op-A"]
[Site "Ricany"]
[Date "2006.08.30"]
[Round "7"]
[White "Rerabkova, Lucie"]
[Black "Vokolek, Jaroslav"]
[Result "1-0"]
[WhiteElo "1976"]
[BlackElo "1734"]
[PlyCount "51"]
[EventDate "2006.08.24"]
[EventType "swiss"]
[EventRounds "9"]
[EventCountry "CZE"]
[SourceTitle "EXT 2007"]
[Source "ChessBase"]
[SourceDate "2006.11.23"]
[SourceVersion "1"]
[SourceVersionDate "2006.11.23"]
[SourceQuality "1"]

1. e4 d5 2. exd5 Qxd5 3. Nc3 Qd6 4. d4 Nf6 5. Nf3 a6 6. Be3 e6 7. Qd2 b5 8. 0-0-0 Bb7 9. Ne5 Nbd7 10. f4 c5 11. Qf2 c4 12. Rg1 Be7 13. g4 0-0 14. g5 Nd5 15. Ne4 Qc7 16. Rg3 c3 17. Rh3 cxb2+ 18. Kb1 Nxe3 19. Qxe3 Nxe5 20. dxe5 Rfd8 21. Bd3 Qa5 22. Nf6+ Bxf6 23. gxf6 g6 24. Rxh7 Bd5 25. Rg7+ Kf8 26. Qc5+ 1-0

[Event "Ricany op-A"]
[Site "Ricany"]
[Date "2006.08.29"]
[Round "6"]
[White "Matejovsky, Ondrej"]
[Black "Rerabkova, Lucie"]
[Result "1-0"]
[WhiteElo "2081"]
[BlackElo "1976"]
[PlyCount "75"]
[EventDate "2006.08.24"]
[EventType "swiss"]
[EventRounds "9"]
[EventCountry "CZE"]
[SourceTitle "EXT 2007"]
[Source "ChessBase"]
[SourceDate "2006.11.23"]
[SourceVersion "1"]
[SourceVersionDate "2006.11.23"]
[SourceQuality "1"]

1. e4 c5 2. Nf3 Nc6 3. Bb5 g6 4. 0-0 Bg7 5. c3 e6 6. Bxc6 bxc6 7. e5 Ne7 8. d4 cxd4 9. cxd4 0-0 10. Bg5 d5 11. Qd2 Re8 12. Nc3 Ba6 13. Rfc1 Qa5 14. Bf6 Nf5 15. g4 Ne7 16. h4 h6 17. Bxg7 Kxg7 18. Qf4 Ng8 19. h5 Qd8 20. Na4 Be2 21. Nc5 Bxf3 22. Qxf3 Qg5 23. Qg3 Qd2 24. Qe3 Qxe3 25. fxe3 gxh5 26. gxh5 f5 27. Kf2 Kf7 28. Nb7 Reb8 29. Nd6+ Kf8 30. b3 Ne7 31. Rg1 Nc8 32. Nxc8 Rxc8 33. Rg6 Kf7 34. Rf6+ Ke7 35. Rg1 Rg8 36. Rxh6 Rxg1 37. Rh7+ Kf8 38. Kxg1 1-0

[Event "Ricany op-A"]
[Site "Ricany"]
[Date "2006.08.26"]
[Round "3"]
[White "Rerabkova, Lucie"]
[Black "Lizner, Milan"]
[Result "0-1"]
[WhiteElo "1976"]
[BlackElo "2125"]
[PlyCount "54"]
[EventDate "2006.08.24"]
[EventType "swiss"]
[EventRounds "9"]
[EventCountry "CZE"]
[SourceTitle "EXT 2007"]
[Source "ChessBase"]
[SourceDate "2006.11.23"]
[SourceVersion "1"]
[SourceVersionDate "2006.11.23"]
[SourceQuality "1"]

1. e4 c5 2. Nf3 Nc6 3. d4 cxd4 4. Nxd4 e5 5. Nb5 a6 6. Nd6+ Bxd6 7. Qxd6 Qf6 8. Qxf6 Nxf6 9. Nc3 Nb4 10. Bd3 h6 11. f3 Nxd3+ 12. cxd3 0-0 13. Ke2 b5 14. b4 d5 15. Kf2 Be6 16. Bb2 Rfc8 17. Rhc1 d4 18. Ne2 Rxc1 19. Rxc1 Bxa2 20. h3 Nd7 21. Rc7 Nb6 22. f4 f5 23. exf5 Nd5 24. Rd7 Nxb4 25. Nc1 Rc8 26. Ba3 Rc2+ 27. Kg3 Nxd3 0-1

[Event "Ricany op-A"]
[Site "Ricany"]
[Date "2006.08.24"]
[Round "1"]
[White "Rerabkova, Lucie"]
[Black "Vojta, Pavel"]
[Result "0-1"]
[WhiteElo "1976"]
[BlackElo "2136"]
[PlyCount "89"]
[EventDate "2006.08.24"]
[EventType "swiss"]
[EventRounds "9"]
[EventCountry "CZE"]
[SourceTitle "EXT 2007"]
[Source "ChessBase"]
[SourceDate "2006.11.23"]
[SourceVersion "1"]
[SourceVersionDate "2006.11.23"]
[SourceQuality "1"]

1. e4 e6 2. d4 d5 3. Nc3 dxe4 4. Nxe4 Nd7 5. Nf3 Ngf6 6. Bd3 Be7 7. 0-0 Nxe4 8. Bxe4 Nf6 9. Bd3 0-0 10. Bf4 b6 11. c3 Bb7 12. Re1 a6 13. Be5 c5 14. Bxf6 Bxf6 15. dxc5 bxc5 16. Be4 Bxe4 17. Rxe4 Rb8 18. Qc2 Qb6 19. Re2 Rb7 20. Rd1 Qa5 21. a3 Rfb8 22. Qc1 Rb3 23. Nd2 R3b7 24. Nc4 Qa4 25. b4 cxb4 26. cxb4 Rc7 27. Rc2 Rbc8 28. Rdd2 h6 29. h3 Qb3 30. Ne3 Rc3 31. Rxc3 Rxc3 32. Rc2 Rxc2 33. Nxc2 Bb2 34. Qb1 Qc3 35. a4 Qe5 36. Qd1 Qe4 37. Qd2 Be5 38. f3 Qc4 39. Na3 Qb3 40. Nc2 Qxa4 41. Qd8+ Kh7 42. Qd3+ g6 43. Qe4 Bf6 44. Kh2 Kg7 45. Nd4 0-1

[Event "CZE-ch (Women)"]
[Site "Karlovy Vary"]
[Date "2004.02.23"]
[Round "4"]
[White "Rerabkova, Lucie"]
[Black "Mozna Hojdarova, Eva"]
[Result "0-1"]
[WhiteElo "2020"]
[BlackElo "2065"]
[PlyCount "90"]
[EventDate "2004.02.17"]
[EventType "swiss"]
[EventRounds "9"]
[EventCountry "CZE"]
[SourceTitle "EXT 2005"]
[Source "ChessBase"]
[SourceDate "2004.11.15"]
[SourceVersion "1"]
[SourceVersionDate "2004.11.15"]
[SourceQuality "1"]

1. e4 c5 2. Nf3 Nc6 3. d4 cxd4 4. Nxd4 Nf6 5. Nc3 d6 6. f4 e6 7. Be3 Be7 8. Qf3 a6 9. 0-0-0 Qc7 10. g4 Nxd4 11. Bxd4 e5 12. f5 exd4 13. Rxd4 Qb6 14. Rd1 Qa5 15. g5 Nd7 16. Rg1 Ne5 17. Qg3 Bd7 18. Nd5 Bf8 19. Bh3 0-0-0 20. Qb3 Kb8 21. Rd4 Bc6 22. Rgd1 Bxd5 23. Rxd5 Qc7 24. Bf1 Ka8 25. R1d4 Be7 26. h4 Nc6 27. Ra4 h6 28. Bxa6 bxa6 29. Rxa6+ Na7 30. Rda5 d5 31. exd5 Qf4+ 32. Kd1 Qf1+ 33. Kd2 Qf2+ 34. Kd1 Qf1+ 35. Kd2 Qf2+ 36. Kd1 Bc5 37. d6 Qf1+ 38. Kd2 Qf2+ 39. Kd1 Qf1+ 40. Kd2 Qf2+ 41. Kd1 Qd4+ 42. Kc1 Qf4+ 43. Kd1 Rxd6+ 44. Rxd6 Qxd6+ 45. Kc1 Qf4+ 0-1

[Event "Ricany op"]
[Site "Ricany"]
[Date "2004.??.??"]
[Round "?"]
[White "Keller, Daniel"]
[Black "Rerabkova, Lucie"]
[Result "1-0"]
[WhiteElo "2100"]
[BlackElo "1885"]
[PlyCount "93"]
[EventDate "2004.??.??"]
[EventType "swiss"]
[EventRounds "9"]
[EventCountry "CZE"]
[SourceTitle "EXT 2007"]
[Source "ChessBase"]
[SourceDate "2006.11.23"]
[SourceVersion "1"]
[SourceVersionDate "2006.11.23"]
[SourceQuality "1"]

1. d4 Nf6 2. c3 d5 3. Bg5 Ne4 4. Bh4 g5 5. Bg3 Nxg3 6. hxg3 b6 7. Qc2 h6 8. Nf3 Bg7 9. e4 Bb7 10. e5 Qd7 11. Nbd2 Nc6 12. 0-0-0 e6 13. Rh5 0-0-0 14. Bb5 a6 15. Bd3 Na5 16. Rdh1 Kb8 17. b4 Nc4 18. Nxc4 dxc4 19. Be4 Bd5 20. g4 Kb7 21. Nd2 Qc6 22. Bxd5 exd5 23. Nf1 f6 24. exf6 Qxf6 25. Ne3 Qf4 26. R5h3 Bxd4 27. cxd4 Qxd4 28. Rd1 Qa1+ 29. Kd2 Qd4+ 30. Kc1 Qa1+ 31. Kd2 Qd4+ 32. Ke2 Qe5 33. Kf1 b5 34. Qf5 Qb2 35. Rf3 d4 36. Qe4+ Kb8 37. Nd5 d3 38. Ne7 Rde8 39. Rf7 Qxa2 40. Nc6+ Kc8 41. Qf5+ Kb7 42. Na5+ Kb8 43. Qd5 Qe2+ 44. Kg1 Qe4 45. Nc6+ Kb7 46. Nd8+ Kb8 47. Qd7 1-0

[Event "Ricany op"]
[Site "Ricany"]
[Date "2004.??.??"]
[Round "?"]
[White "Korenova, Martina"]
[Black "Rerabkova, Lucie"]
[Result "1-0"]
[WhiteElo "2170"]
[BlackElo "1885"]
[PlyCount "59"]
[EventDate "2004.??.??"]
[EventType "swiss"]
[EventRounds "9"]
[EventCountry "CZE"]
[SourceTitle "EXT 2007"]
[Source "ChessBase"]
[SourceDate "2006.11.23"]
[SourceVersion "1"]
[SourceVersionDate "2006.11.23"]
[SourceQuality "1"]

1. e4 c5 2. Nf3 Nc6 3. d4 cxd4 4. Nxd4 g6 5. Nc3 Bg7 6. Nb3 Nf6 7. Be2 0-0 8. 0-0 d6 9. Bg5 Be6 10. f4 Qb6+ 11. Kh1 Qb4 12. Bf3 a5 13. Nd5 Bxd5 14. exd5 Na7 15. c3 Qb6 16. a4 Qc7 17. Re1 b5 18. axb5 Nxb5 19. Qd3 Rfb8 20. c4 Na7 21. Nxa5 Nc8 22. Nc6 Rxa1 23. Rxa1 Rxb2 24. Ra8 Kf8 25. h3 Qb7 26. Rb8 Qxb8 27. Nxb8 Rxb8 28. Qa3 h5 29. Qa5 Nb6 30. Bxf6 1-0

[Event "CZE-ch (Women)"]
[Site "Luhacovice"]
[Date "2003.02.26"]
[Round "7.8"]
[White "Jinova, Lucie"]
[Black "Rerabkova, Lucie"]
[Result "1/2-1/2"]
[WhiteElo "2186"]
[BlackElo "2016"]
[PlyCount "67"]
[EventDate "2003.02.21"]
[EventType "swiss"]
[EventRounds "9"]
[EventCountry "CZE"]
[SourceTitle "CBM 092 Extra"]
[Source "ChessBase"]
[SourceDate "2003.03.07"]
[SourceVersion "1"]
[SourceVersionDate "2003.03.07"]
[SourceQuality "1"]

1. e4 c5 2. c3 d5 3. exd5 Qxd5 4. d4 Nf6 5. Nf3 e6 6. Bd3 Be7 7. 0-0 0-0 8. c4 Qd8 9. dxc5 Bxc5 10. Nc3 h6 11. Qe2 Nbd7 12. h3 b6 13. Bf4 Bb7 14. Rfd1 Qe7 15. Na4 Rfd8 16. a3 Kh8 17. Nxc5 Nxc5 18. Bc2 Rac8 19. Ne5 Ncd7 20. b4 Nxe5 21. Bxe5 Kg8 22. Rxd8+ Rxd8 23. Qe3 Rc8 24. Rc1 Ba6 25. c5 bxc5 26. bxc5 Kh8 27. Ba4 Kh7 28. Bd4 Rc7 29. c6 Nd5 30. Qe4+ g6 31. Qe5 f6 32. Qe4 Qxa3 33. Ra1 Qd3 34. Qxd3 1/2-1/2

[Event "CZE-ch (Women)"]
[Site "Luhacovice"]
[Date "2003.02.24"]
[Round "5.9"]
[White "Kubikova, Alena"]
[Black "Rerabkova, Lucie"]
[Result "1-0"]
[WhiteElo "2143"]
[BlackElo "2016"]
[PlyCount "71"]
[EventDate "2003.02.21"]
[EventType "swiss"]
[EventRounds "9"]
[EventCountry "CZE"]
[SourceTitle "CBM 092 Extra"]
[Source "ChessBase"]
[SourceDate "2003.03.07"]
[SourceVersion "1"]
[SourceVersionDate "2003.03.07"]
[SourceQuality "1"]

1. e4 c5 2. Nf3 Nc6 3. d4 cxd4 4. Nxd4 e5 5. Nb5 d6 6. c4 Be7 7. N1c3 a6 8. Na3 f5 9. Bd3 f4 10. 0-0 Nh6 11. Nc2 0-0 12. Be2 Be6 13. Nd5 Bg5 14. b3 Ne7 15. Nxe7+ Qxe7 16. Ba3 Rad8 17. Nb4 Bh4 18. Nd5 Qg5 19. Bf3 Nf7 20. Kh1 Qh6 21. Bg4 Ng5 22. Ne7+ Kh8 23. Bxe6 Nxe6 24. Nf5 Qf6 25. Qg4 Bg5 26. Nxd6 Qe7 27. Nxb7 Qxa3 28. Nxd8 Nxd8 29. Qxg5 Nc6 30. Qh5 Qb2 31. Qd1 Rd8 32. Qc1 Qe2 33. Qe1 Qc2 34. Rd1 Nd4 35. Qa5 Rf8 36. Qxe5 1-0